000 00919nas a2200289 4500
001 BR2018001872
003 BR-BrBNA
005 20231205131412.0
007 ta
008 230509b bl.|||p| |||| 00| 00por d
040 _aBR-BrBNA
_bpor
_cBiblioteca Nacional de Agricultura
041 _a(En)
072 _aL02; L01
100 1 _aZakaria, H.A.
100 1 _aShammout, M.W.
245 1 _aDuckweed in irrigation water as a replacement of soybean meal in the laying hens' diet
650 _aGALINHA PARA POSTURA
650 _aDIETA
650 _aLENTILHA
650 _aOVO
650 _aPRODUÇÃO
650 _aQUALIDADE
773 0 _tBrazilian Journal of Poultry Science (Brazil)
_xISSN 1806-9061
_g(Jul-Sep 2018), v. 20(3) p. 573-582
_wBR2018001872
856 4 0 _uhttp://www.scielo.br/pdf/rbca/v20n3/1516-635X-rbca-20-03-00573.pdf
909 _a202311
_bLúcia
_c55
_dLúcia Elande
942 _2AGRIS
_n0
_cANA
999 _c254607
_d254607